[Event "19th Reggio Emilia it"]
[Site "Reggio Emilia ITA"]
[Date "1976.12.28"]
[Round "2"]
[White "Kuzmin, Gennadi"]
[Black "Bertok, Mario"]
[Result "1/2-1/2"]
[WhiteElo "2565"]
[BlackElo "1975"]
[EventDate "1976.12.??"]
[PlyCount "56"]

1.e4 c5 2.Nf3 d6 3.Bb5+ Nd7 4.c4 Nf6 5.Nc3 g6 6.d4 cxd4 7.Nxd4 Bg7 8.O-O 
O-O 9.Ba4 Nb6 10.Bb3 a6 11.Bg5 Bd7 12.Nd5 Re8 13.Re1 Nbxd5 14.exd5 Rc8 15.
h3 h6 16.Bf4 Qa5 17.a4 Kh7 18.Qd3 Ng8 19.Bd2 Qc5 20.Be3 Qc7 21.a5 e5 22.
dxe6 fxe6 23.Bd2 e5 24.Ne2 Bf5 25.Qe3 Be6 26.Rac1 Ne7 27.Bc2 Nf5 28.Qa3 
Qf7 1/2-1/2

[Event "19th Reggio Emilia it"]
[Site "Reggio Emilia ITA"]
[Date "1977.01.03"]
[Round "8"]
[White "Akvist, Hakan"]
[Black "Bilek, Istvan"]
[Result "0-1"]
[WhiteElo "2315"]
[BlackElo "2435"]
[EventDate "1976.12.??"]
[PlyCount "116"]

1.e4 c5 2.Nf3 Nc6 3.d4 cxd4 4.Nxd4 Nf6 5.Nc3 e6 6.g3 Bc5 7.Be3 Qb6 8.Na4 
Qa5+ 9.c3 Bxd4 10.Bxd4 Nxd4 11.Qxd4 e5 12.Qc4 d6 13.b3 O-O 14.f3 Bd7 15.
Nb2 b5 16.Qd3 Rac8 17.Nd1 d5 18.exd5 e4 19.fxe4 Nxe4 20.Bg2 Nc5 21.Qc2 
Rfe8+ 22.Kf1 Bg4 23.b4 Re2 24.Qxe2 Bxe2+ 25.Kxe2 Re8+ 26.Ne3 Qa4 27.Kd2 
Nd7 28.Rhe1 Ne5 29.Re2 Qa3 30.Nd1 f6 31.Ke1 a5 32.bxa5 b4 33.cxb4 Qxb4+ 
34.Kf1 Qxa5 35.Nf2 Qa6 36.Re1 Rd8 37.Kg1 Qc4 38.Rd2 Qc5 39.Kh1 Qc3 40.Red1
Nc4 41.Re2 Ne3 42.Rde1 Nxg2 43.Kxg2 Qc4 44.Kg1 Rxd5 45.Re8+ Kf7 46.R8e7+ 
Kg6 47.R1e4 Qc1+ 48.Kg2 h5 49.Re2 Rd2 50.Rxd2 Qxd2 51.Ra7 Qd5+ 52.Kg1 Qc5 
53.Ra6 Qb4 54.Ra7 Kh7 55.Kg2 Kh6 56.h4 Qc5 57.Ra6 Qd5+ 58.Kg1 Qf3 0-1

[Event "19th Reggio Emilia it"]
[Site "Reggio Emilia ITA"]
[Date "1977.01.03"]
[Round "8"]
[White "Kuzmin, Gennadi"]
[Black "Toth, Bela"]
[Result "1-0"]
[WhiteElo "2550"]
[BlackElo "2440"]
[EventDate "1976.12.??"]
[PlyCount "65"]

1.d4 Nf6 2.c4 e6 3.Nc3 Bb4 4.e3 b6 5.Ne2 Ba6 6.a3 Bxc3+ 7.Nxc3 d5 8.b3 O-O
9.Be2 Nc6 10.a4 dxc4 11.Ba3 Re8 12.bxc4 Na5 13.Nb5 Qd7 14.O-O Red8 15.Qc2 
Ne8 16.Bb2 c6 17.Na3 Qe7 18.Bd3 h6 19.e4 Qb4 20.Rfb1 Qb3 21.Qe2 Qxa4 22.
Nc2 Qb3 23.Ra3 Bxc4 24.Rxb3 Bxb3 25.Bc3 Bxc2 26.Bxc2 Nb7 27.e5 Rac8 28.h4 
b5 29.Ra1 a5 30.Bxa5 Nxa5 31.Rxa5 Rxd4 32.Ra7 Nc7 33.Qf3 1-0